000 00658cam a2200241 a 4500
001 000008600
003 DO-SdBNP
005 20240529083742.0
008 990212s1997 ag 000 f spa d
020 _a9505113013
040 _aDO-SdBNP
_bspa
_cZCU
_dDLC
_dBNPHU
049 _aBNGR
082 _aA863.44
_bG982t
100 1 _aGusmán, Luis,
_d1944-
_923025
245 1 0 _aTennessee /
_cLuis Gusmán.
260 _aBuenos Aires, Argentina :
_bAlfaguara,
_c1997.
300 _a196 p. ;
_c22 cm.
650 4 _aNovela argentina
_93941
650 4 _aLiteratura argentina
_93860
910 _aCatalogación por copia / LC
910 _aWM
942 _2ddc
_cLBS1
999 _c8370
_d8370